[Event "34th Chess Olympiad (men)"]
[Site "Istanbul"]
[Date "2000.10.31"]
[Round "4.23.2"]
[White "Dutreeuw, Marc"]
[Black "Gonzalez, Garcia Jose"]
[WhiteElo "2402"]
[BlackElo "2440"]
[WhiteCountry "BEL"]
[BlackCountry "MEX"]
[Result "1/2-1/2"]

1. e4 c5 2. Nf3 d6 3. d4 cxd4 4. Nxd4 Nf6 5. Nc3 Nc6 6. Bg5 e6 7. Qd2 Qb6 
8. O-O-O Nxd4 9. Qxd4 Qxd4 10. Rxd4 a6 11. Bxf6 gxf6 12. Na4 d5 13. exd5 b5 
14. Nc3 Bb7 15. dxe6 fxe6 16. Rg1 f5 17. g3 Bh6+ 18. f4 Bf8 19. b4 Bg7 
20. Rd3 Rc8 21. Ne2 Be4 22. Rd2 Ke7 23. Bg2 Bxg2 24. Rxg2 Rc4 25. a3 Ra8 
26. c3 a5 27. Rc2 axb4 28. axb4 Ra1+ 29. Kd2 h5 30. Rg1 Ra8 31. Rd1 h4 
32. Ke3 Rac8 33. Rdc1 e5 34. fxe5 Bxe5 35. Nf4 Bxf4+ 36. gxf4 Rd4 37. Kf3 Rcc4 
38. Re2 Rxe2 39. Kxe2 Rxf4 40. Rd1 Re4+ 41. Kf3 Ke6 42. Rd8 Rc4 43. Re8+ Kf6 
44. Re3 Kg5 45. Rd3 Rc6 46. h3 Rc7 47. Kg2 Kf4 48. Rd5 Rxc3 49. Rxb5 Rc2+ 
50. Kf1 Rb2 51. Rb8 Kf3 52. Ke1 f4 53. b5 Rb1+ 54. Kd2 Kf2 55. b6 f3 56. b7 Rb6 
57. Kd3 Rd6+ 58. Kc4 Rd7 59. Kc5 Rg7 60. Kc6 Rg6+ 61. Kc5 Rg5+ 62. Kc6 Rg6+ 
63. Kc5 Rg7 64. Kc6 Kg2 65. Rf8 Rxb7 66. Kxb7 f2 67. Kc6 f1Q 
1/2-1/2

[Event "34th Chess Olympiad (men)"]
[Site "Istanbul"]
[Date "2000.10.31"]
[Round "4.23.3"]
[White "Estrada, Nieto Julian"]
[Black "Geenen, Marc"]
[WhiteElo "2397"]
[BlackElo "2346"]
[WhiteCountry "MEX"]
[BlackCountry "BEL"]
[Result "1/2-1/2"]

1. e4 e5 2. Nf3 Nc6 3. Bb5 a6 4. Bxc6 dxc6 5. O-O Bg4 6. h3 h5 7. d3 Qf6 
8. Nbd2 Ne7 9. Re1 Ng6 10. d4 Nf4 11. hxg4 hxg4 12. g3 gxf3 13. Qxf3 Ne6 
14. dxe5 Qh6 15. Nb3 g5 16. Kf1 Qh3+ 17. Ke2 g4 18. Qc3 Qg2 19. Be3 Qf3+ 
20. Kd2 Qxe4 21. a3 O-O-O+ 22. Kc1 Bg7 23. Kb1 Bxe5 24. Qb4 Qxb4 25. axb4 Nd4 
26. Nxd4 Bxd4 27. Ra5 Rde8 28. Rf5 Bxe3 29. fxe3 Rh3 30. Rxf7 Rxg3 31. Rd1 Rd8 
32. Rh1 Rf3 
1/2-1/2

[Event "34th Chess Olympiad (men)"]
[Site "Istanbul"]
[Date "2000.10.31"]
[Round "4.23.4"]
[White "Van, Beers Eddy"]
[Black "Russek, Guil"]
[WhiteElo "2346"]
[BlackElo "2400"]
[WhiteCountry "BEL"]
[BlackCountry "MEX"]
[Result "1/2-1/2"]

1. d4 e6 2. c4 d5 3. Nc3 c5 4. cxd5 exd5 5. Nf3 Nc6 6. g3 Nf6 7. Bg2 Be7 
8. O-O O-O 9. Bg5 cxd4 10. Nxd4 h6 11. Be3 Bg4 12. Qa4 Ne5 13. Rad1 Nc4 
14. Bc1 Nb6 15. Qb5 Rc8 16. h3 Bd7 17. Qd3 Bb4 
1/2-1/2

[Event "34th Chess Olympiad (men)"]
[Site "Istanbul"]
[Date "2000.10.31"]
[Round "4.24.1"]
[White "Kozul, Zdenko"]
[Black "Clavijo, Jorge"]
[WhiteElo "2611"]
[BlackElo "2414"]
[WhiteCountry "CRO"]
[BlackCountry "COL"]
[Result "1-0"]

1. d4 Nf6 2. c4 g6 3. Nc3 d5 4. Nf3 Bg7 5. Qb3 dxc4 6. Qxc4 O-O 7. e4 Na6 
8. Be2 c5 9. d5 e6 10. O-O exd5 11. exd5 Bf5 12. Be3 Re8 13. Rad1 Qb6 
14. Qb5 Rad8 15. Rd2 Rxe3 16. fxe3 Bh6 17. e4 Nxe4 18. Nxe4 Bxe4 19. Qxb6 axb6 
20. Rdd1 Nb4 21. Ne5 f5 22. d6 Nd5 23. Bc4 Be3+ 24. Kh1 Rxd6 25. Rfe1 Bd4 
26. Nf3 Bxf3 27. gxf3 Kf8 28. Bxd5 Rxd5 29. Re6 b5 30. b4 cxb4 31. Re2 Re5 
32. Rxe5 Bxe5 33. Rd7 h6 34. Rxb7 Bf6 35. Kg2 Be7 36. Rxb5 Kf7 37. Rb6 Bc5 
38. Rc6 Bf8 39. Kf2 h5 40. f4 Be7 41. Ke3 h4 42. Kd4 Bf8 43. Kd5 Bh6 
44. Rc4 Bf8 45. Rc7+ Kf6 46. Rb7 Be7 47. Rb6+ Kg7 48. Ke6 Bc5 49. Rb5 Bf8 
50. h3 Kh6 51. Rb8 Bc5 52. Kf7 Kh7 53. Rg8 
1-0

[Event "34th Chess Olympiad (men)"]
[Site "Istanbul"]
[Date "2000.10.31"]
[Round "4.24.2"]
[White "Mosquera, Miguel"]
[Black "Morovic, Fernandez Ivan"]
[WhiteElo "2333"]
[BlackElo "2608"]
[WhiteCountry "COL"]
[BlackCountry "CRO"]
[Result "0-1"]

1. e4 c5 2. c3 d5 3. exd5 Qxd5 4. d4 g6 5. Nf3 Bg7 6. Be3 cxd4 7. Nxd4 Nc6 
8. Nxc6 Qxc6 9. a4 a6 10. Nd2 Nf6 11. Qf3 Nd5 12. Bd3 Be6 13. O-O O-O 
14. Rfe1 Nxe3 15. Qxe3 Rfd8 16. Ne4 Rd5 17. b4 Bf5 18. b5 Qc7 19. c4 Rxd3 
20. Qxd3 Bxa1 21. Rxa1 axb5 22. cxb5 Qe5 23. Re1 Rxa4 24. Qc3 Qxc3 25. Nxc3 Rc4 
26. Nd5 Be6 27. Ne3 Rb4 28. Rc1 Rxb5 29. f4 h5 30. Kf2 Kf8 
0-1

[Event "34th Chess Olympiad (men)"]
[Site "Istanbul"]
[Date "2000.10.31"]
[Round "4.24.3"]
[White "Cvitan, Ognjen"]
[Black "Uribe, Mauricio"]
[WhiteElo "2541"]
[BlackElo "2293"]
[WhiteCountry "CRO"]
[BlackCountry "COL"]
[Result "1-0"]

1. d4 Nf6 2. c4 e6 3. g3 d5 4. Bg2 dxc4 5. Nf3 Nc6 6. O-O a6 7. e3 Bd7 
8. Qe2 b5 9. e4 Be7 10. Rd1 O-O 11. Nc3 Re8 12. Ne5 Rb8 13. Be3 Qc8 
14. Bh3 Nxe5 15. dxe5 b4 16. exf6 Bxf6 17. e5 bxc3 18. exf6 cxb2 19. Rab1 Ba4 
20. Rd4 Rd8 21. Qxc4 Bb5 22. Qc3 Rxd4 23. Bxd4 c5 24. Be5 
1-0

[Event "34th Chess Olympiad (men)"]
[Site "Istanbul"]
[Date "2000.10.31"]
[Round "4.24.4"]
[White "Renteria, Jorge"]
[Black "Zaja, Ivan"]
[WhiteElo "2271"]
[BlackElo "2513"]
[WhiteCountry "COL"]
[BlackCountry "CRO"]
[Result "1/2-1/2"]

1. e4 e6 2. d4 d5 3. Nc3 Bb4 4. e5 c5 5. Bd2 cxd4 6. Nb5 Bf8 7. f4 Nc6 
8. Nf3 Bc5 9. a3 Qb6 10. b4 Be7 11. Bc1 a5 12. bxa5 Qxa5+ 13. Qd2 Bc5 
14. Bb2 Bd7 15. Qxa5 Rxa5 16. Nfxd4 Nxd4 17. Nxd4 Ra4 18. c3 Ne7 19. Bd3 O-O 
20. Nb3 Bb6 21. g3 Nc6 22. Kd2 Na5 23. Nxa5 Rxa5 24. Rhb1 Bc5 25. Bc1 b6 
26. Ke2 Rfa8 27. Be3 Kf8 28. Rb3 Ke7 29. h4 h6 30. h5 Ra4 31. Kd2 Kd8 
32. Rxb6 Bxb6 33. Bxb6+ Ke8 34. Bc5 Rb8 35. Bb4 d4 36. Rc1 dxc3+ 37. Rxc3 Ra7 
38. Rc1 Rc8 39. Rg1 f5 40. exf6ep gxf6 41. g4 Kf7 42. Bg6+ Kg7 43. g5 Bb5 
44. gxf6+ Kxf6 45. Bc3+ Ke7 46. Bb4+ Kf6 47. Bc3+ Ke7 48. Bb4+ Kf6 
1/2-1/2

[Event "34th Chess Olympiad (men)"]
[Site "Istanbul"]
[Date "2000.10.31"]
[Round "4.25.1"]
[White "Danner, Georg"]
[Black "Giaccio, Alfredo"]
[WhiteElo "2437"]
[BlackElo "2505"]
[WhiteCountry "AUT"]
[BlackCountry "ARG"]
[Result "1/2-1/2"]

1. d4 e6 2. Nf3 Nf6 3. e3 b6 4. Bd3 Bb7 5. O-O Be7 6. c4 c5 7. Nc3 O-O 8. d5
exd5 9. cxd5 d6 10. e4 Na6 11. h3 Nc7 12. a4 Re8 13. Bf4 Bf8 14. Nd2 Rb8 15.
Nc4 Ba6 16. b3 g6 17. Qd2 Qd7 18. Bh2 h5 19. Rfe1 Rbd8 20. Rad1 b5 21. axb5
Nxb5 22. Na5 Nxc3 23. Qxc3 Bxd3 24. Qxd3 Rb8 25. e5 dxe5 26. Bxe5 Rb6 27. Nc4
Ra6 28. d6 Re6 29. Bg3 Rxe1+ 30. Rxe1 Qb7 31. Rd1 Nd7 32. Qe3 Qb8 33. Kh2 Qd8
34. Qe4 Qc8 35. Bf4 Rc6 36. Be5 Nxe5 37. Qxe5 Qd7 38. g3 Rc8 39. h4 Bg7 40. Qd5
Bd4 41. Re1 Bf6 42. Re4 Kg7 43. Re3 Bd4 44. Re7 Qf5 45. Qxf5 gxf5 46. Rxa7 Kf6
47. d7 Rd8 48. Ne3 Bxe3 49. fxe3 Ke6 50. b4 cxb4 51. Rb7 Rxd7 52. Rxb4 Rd2+
1/2-1/2

[Event "34th Chess Olympiad (men)"]
[Site "Istanbul"]
[Date "2000.10.31"]
[Round "4.25.2"]
[White "Hoffman, Alejandro"]
[Black "Weiss, Christian"]
[WhiteElo "2491"]
[BlackElo "2386"]
[WhiteCountry "ARG"]
[BlackCountry "AUT"]
[Result "1-0"]

1. d4 Nf6 2. Nf3 c5 3. d5 b5 4. Bg5 g6 5. Bxf6 exf6 6. e4 a6 7. a4 b4 8. Nbd2
d6 9. Bd3 Bg7 10. Nc4 O-O 11. Nfd2 a5 12. O-O Ba6 13. f4 Bxc4 14. Nxc4 Qc7 15.
Qf3 Nd7 16. Rae1 Nb6 17. b3 Nxc4 18. Bxc4 Rae8 19. Kh1 Re7 20. Re2 Rfe8 21. Bb5
Rb8 22. Qd3 Qc8 23. h3 Kh8 24. g4 g5 25. e5 fxe5 26. fxg5 e4 27. Rxe4 Be5 28.
Rf5 Qg8 29. Qf3 Qg7 30. Bd3 Rbe8 31. h4 Qf8 32. Bb5 Rd8 33. Rf6 Kg8 34. Rh6 Bg7
35. Rh5 f6 36. Qf5 fxg5 37. Qxh7+ Kf7 38. Rf4+ 1-0

[Event "34th Chess Olympiad (men)"]
[Site "Istanbul"]
[Date "2000.10.31"]
[Round "4.25.3"]
[White "Miniboeck, Guenter"]
[Black "Soppe, Guillermo"]
[WhiteElo "2413"]
[BlackElo "2471"]
[WhiteCountry "AUT"]
[BlackCountry "ARG"]
[Result "0-1"]

1. d4 Nf6 2. c4 e6 3. Nc3 d5 4. cxd5 exd5 5. Bg5 Be7 6. e3 c6 7. Qc2 Nbd7 8.
Bd3 O-O 9. Nf3 Re8 10. O-O g6 11. Rab1 Nh5 12. Bxe7 Qxe7 13. b4 a6 14. a4 Nb6
15. b5 axb5 16. axb5 c5 17. dxc5 Qxc5 18. Rfc1 Nf6 19. Ne2 Qxc2 20. Rxc2 Ra3
21. Rc3 Rxc3 22. Nxc3 Bd7 23. Nd4 Rc8 24. Rc1 Kf8 25. Nce2 Rxc1+ 26. Nxc1 Ke7
27. Ncb3 Kd6 28. Kf1 Na4 29. Ke1 Kc7 30. Nd2 Kb6 31. N2f3 Be8 32. Ne5 Nd7 33.
Nxd7+ Bxd7 34. Kd2 Nc5 35. Be2 Ne4+ 36. Ke1 Kc5 37. Bd3 Nd6 38. Kd2 Bxb5 39.
Nxb5 Nxb5 40. h4 h6 41. e4 dxe4 42. Bxe4 Nd6 43. Bb1 Kd4 44. f3 b5 0-1

[Event "34th Chess Olympiad (men)"]
[Site "Istanbul"]
[Date "2000.10.31"]
[Round "4.26.1"]
[White "Zaw, Win"]
[Black "Majeed, Abdul"]
[WhiteElo "2578"]
[BlackElo "2291"]
[WhiteCountry "MYA"]
[BlackCountry "UAE"]
[Result "1-0"]

1. e4 e6 2. d4 d5 3. Nd2 c5 4. exd5 exd5 5. Ngf3 Nf6 6. Bb5+ Bd7 7. Qe2+ Be7 
8. dxc5 O-O 9. Nb3 Re8 10. Be3 a6 11. Bd3 Ba4 12. Nfd4 Nbd7 13. O-O Nxc5 
14. Rad1 Qc7 15. Qf3 Bxb3 16. axb3 Bd6 17. h3 Nce4 18. c3 Be5 19. Bc2 Rad8 
20. Rfe1 g6 21. Ne2 Rd6 22. Nd4 Nh5 23. Qe2 Nf4 24. Qf1 Rf6 25. g3 Ne6 
26. Qg2 Bxd4 27. Bxd4 Nxd4 28. Rxd4 Qb6 29. Bxe4 dxe4 30. Rb4 Qd6 
31. Rbxe4 Rxe4 32. Qxe4 Re6 33. Qb1 Rf6 34. Re8+ Kg7 35. Qe1 Qd7 36. h4 Qd5 
37. b4 Qf5 38. Re5 Qc2 39. Qe2 Qc1+ 40. Kg2 h5 41. b5 a5 42. c4 b6 43. Re8 Rd6 
44. Qe5+ Rf6 45. Qe7 Re6 46. Qf8+ Kf6 47. Rxe6+ Kxe6 48. Qe8+ Kf6 49. Qc6+ Ke5 
50. Qd5+ Kf6 51. Qd4+ Ke7 52. b3 Qc2 53. Qxb6 Qxb3 54. Qc7+ Kf6 55. b6 Qd3 
56. Qf4+ 
1-0

[Event "34th Chess Olympiad (men)"]
[Site "Istanbul"]
[Date "2000.10.31"]
[Round "4.26.2"]
[White "Saleh, Jasim"]
[Black "Aung, Aung"]
[WhiteElo "2356"]
[BlackElo "2520"]
[WhiteCountry "UAE"]
[BlackCountry "MYA"]
[Result "0-1"]

1. e4 d5 2. exd5 Nf6 3. Bb5+ Bd7 4. Be2 Nxd5 5. d4 Bf5 6. Nf3 e6 7. O-O Be7 
8. a3 O-O 9. c4 Nb6 10. Nc3 Nc6 11. h3 Bf6 12. Be3 h6 13. b3 Qe7 14. c5 Nd5 
15. Nxd5 exd5 16. b4 Nd8 17. Bd3 Bxd3 18. Qxd3 Ne6 19. Rfe1 Qd7 20. Nh2 Bg5 
21. Ng4 f6 22. Ra2 h5 23. Nh2 Rae8 24. Rae2 c6 25. Nf3 Bxe3 26. Rxe3 Nc7 
27. Nh4 Rxe3 28. Rxe3 Re8 29. Ng6 Rxe3 30. fxe3 Qe8 31. Nf4 g5 32. Ne2 h4 
33. Nc3 Kg7 34. Kf2 a6 35. a4 Qe6 36. e4 dxe4 37. Qxe4 Qxe4 38. Nxe4 Ne8 
39. Ke3 Kf7 40. Kd3 Ke7 41. Kc4 Ke6 42. Nc3 Nc7 43. d5+ Nxd5 44. Nxd5 cxd5+ 
45. Kd4 f5 46. b5 axb5 47. axb5 f4 48. c6 bxc6 49. bxc6 g4 50. hxg4 f3 
51. Ke3 fxg2 52. Kf2 d4 53. g5 d3 54. c7 Kd7 55. g6 d2 56. g7 g1Q+ 
0-1

[Event "34th Chess Olympiad (men)"]
[Site "Istanbul"]
[Date "2000.10.31"]
[Round "4.26.4"]
[White "Hossein, Mohamed"]
[Black "Htun, Lynn Kyaw"]
[WhiteElo "2113"]
[BlackElo "2475"]
[WhiteCountry "UAE"]
[BlackCountry "MYA"]
[Result "0-1"]

1. Nf3 c5 2. c4 Nc6 3. g3 Nf6 4. Bg2 g6 5. b3 Bg7 6. Bb2 O-O 7. O-O d6 
8. d4 cxd4 9. Nxd4 Bd7 10. Nc2 Qa5 11. Nc3 Ne4 12. b4 Nxc3 13. Bxc3 Qc7 
14. Bxg7 Kxg7 15. Rc1 Be6 16. Bd5 Rfc8 17. Nd4 Bh3 18. Bg2 Bxg2 19. Kxg2 Nxb4 
20. Qd2 Nc6 21. h4 Qa5 22. Nb3 Qxd2 23. Nxd2 Na5 24. Rc3 Rc7 25. Rfc1 Rac8 
26. a4 d5 27. c5 b6 28. Nb3 Nb7 29. c6 Nd8 30. Nd4 e5 31. Nb5 Rxc6 
32. Rxc6 Rxc6 33. Rd1 d4 34. Nxa7 Rc4 35. Ra1 Nb7 36. Nb5 Rc2 37. Kf1 Nc5 
38. Na3 Rc3 39. Nb5 Rb3 40. Nd6 Rb4 
0-1

[Event "34th Chess Olympiad (men)"]
[Site "Istanbul"]
[Date "2000.10.31"]
[Round "4.27.1"]
[White "Ovezov, Artek"]
[Black "Cave, Christo"]
[WhiteElo "2366"]
[BlackElo "2296"]
[WhiteCountry "TKM"]
[BlackCountry "TRI"]
[Result "1-0"]

1. d4 Nf6 2. c4 g6 3. Nc3 Bg7 4. g3 c5 5. Nf3 O-O 6. Bg2 d5 7. dxc5 dxc4 
8. Qa4 Nd5 9. Qxc4 Nxc3 10. bxc3 Be6 11. Qb4 Nc6 12. Qa3 Bc4 13. Be3 e5 
14. Nd2 Be6 15. Ne4 Qc7 16. O-O Bc4 17. Rfe1 f5 18. Nd6 Be6 19. Rab1 Rab8 
20. Red1 f4 21. Bc1 h6 22. Qa4 fxg3 23. hxg3 Bd7 24. Qc4+ Kh7 25. Be3 Na5 
26. Qh4 Bc6 27. Ne4 Rf5 28. g4 Bxe4 29. Bxe4 Rf4 30. Bxf4 exf4 31. Rd6 
1-0

[Event "34th Chess Olympiad (men)"]
[Site "Istanbul"]
[Date "2000.10.31"]
[Round "4.27.2"]
[White "Ramsingh, Yogendranath"]
[Black "Grigoryan, Karen"]
[WhiteElo "2246"]
[BlackElo "2399"]
[WhiteCountry "TRI"]
[BlackCountry "TKM"]
[Result "0-1"]

1. Nf3 c5 2. g3 Nc6 3. Bg2 d5 4. O-O Bg4 5. d3 Nf6 6. Nbd2 e6 7. c3 Be7 
8. a3 a5 9. a4 Qc7 10. Qc2 O-O 11. e4 Rad8 12. Re1 h6 13. Nf1 Bh5 14. Bf4 Qb6 
15. h3 Bg6 16. Ne5 Nxe5 17. Bxe5 c4 18. dxc4 Nxe4 19. Qe2 Bc5 20. Bxe4 dxe4 
21. Bf4 Rd3 22. Be3 Rfd8 23. Red1 Qb3 24. Rxd3 exd3 25. Qd2 Qxc4 26. Bf4 Qe4 
27. Re1 Qxa4 28. Ne3 Bh5 29. Rc1 Rd7 30. Nf1 Be2 31. Qe1 Bxf1 32. Kxf1 Qc6 
33. Kg1 Qf3 34. Rd1 Bxf2+ 
0-1

[Event "34th Chess Olympiad (men)"]
[Site "Istanbul"]
[Date "2000.10.31"]
[Round "4.27.3"]
[White "Odeev, Handszar"]
[Black "Merrit, Mario"]
[WhiteElo "2442"]
[BlackElo "2159"]
[WhiteCountry "TKM"]
[BlackCountry "TRI"]
[Result "1-0"]

1. e4 Nc6 2. d4 d5 3. e5 Bf5 4. Bb5 Qd7 5. c3 e6 6. Nf3 f6 7. O-O Nge7 
8. Re1 O-O-O 9. b4 Bg4 10. Nbd2 Ng6 11. h3 Bxf3 12. Nxf3 h6 13. Ba4 Qf7 
14. Bxc6 bxc6 15. Qa4 Kb7 16. b5 c5 17. Ba3 c4 18. Qa6+ Kb8 19. Bc5 Bxc5 
20. dxc5 Qd7 21. Nd4 Ne7 22. Nc6+ Nxc6 23. bxc6 Qc8 24. Rab1+ Ka8 25. Rb7 Qb8 
26. Reb1 
1-0

[Event "34th Chess Olympiad (men)"]
[Site "Istanbul"]
[Date "2000.10.31"]
[Round "4.27.4"]
[White "Harper, Ryan"]
[Black "Geldyev, Gochmyrad"]
[WhiteElo "2122"]
[BlackElo "2337"]
[WhiteCountry "TRI"]
[BlackCountry "TKM"]
[Result "0-1"]

1. e4 c5 2. Nf3 d6 3. d4 cxd4 4. Nxd4 Nf6 5. Nc3 a6 6. Bc4 e6 7. Bb3 b5 
8. O-O Be7 9. f4 O-O 10. e5 dxe5 11. fxe5 Nfd7 12. Be3 Nxe5 13. Qh5 Nc4 
14. Bxc4 bxc4 15. Rf3 g6 16. Qh6 f5 17. Rh3 Rf7 18. Rd1 Qf8 19. Qf4 Bd6 
20. Qh4 f4 21. Bf2 e5 22. Nd5 Bxh3 23. Qxh3 exd4 24. Qe6 Nd7 25. Re1 d3 
26. c3 Bc5 27. Bd4 Bxd4+ 28. cxd4 d2 29. Rd1 Re8 30. Qg4 f3 31. Kf1 Re1+ 
32. Rxe1 fxg2+ 33. Kxg2 dxe1Q 
0-1

[Event "34th Chess Olympiad (men)"]
[Site "Istanbul"]
[Date "2000.10.31"]
[Round "4.28.1"]
[White "Watanabe, Akira"]
[Black "Valenzuela, Luis"]
[WhiteElo "2374"]
[BlackElo "2426"]
[WhiteCountry "JPN"]
[BlackCountry "CHI"]
[Result "1/2-1/2"]

1. d4 d5 2. c4 c6 3. Nc3 Nf6 4. e3 e6 5. b3 Nbd7 6. Bb2 Bd6 7. Nf3 O-O 
8. Bd3 e5 9. cxd5 cxd5 10. dxe5 Nxe5 11. Nxe5 Bxe5 12. O-O Re8 13. h3 a6 
14. Rc1 Be6 15. Qe2 Rc8 16. Na4 Bb8 17. Bd4 Ne4 18. Qb2 f6 19. Rxc8 Bxc8 
20. Nc3 Qd6 21. f4 Nc5 22. Bb1 Ne4 23. Bxe4 dxe4 24. Rd1 Qe6 25. Na4 Qf7 
26. Qc2 h5 27. Bc5 Bd7 28. Nb6 Bb5 29. Rd4 Bd3 30. Qc3 Bb5 31. a4 Bc6 32. Qc4 
1/2-1/2

[Event "34th Chess Olympiad (men)"]
[Site "Istanbul"]
[Date "2000.10.31"]
[Round "4.28.3"]
[White "Sasaki, Katsumi"]
[Black "Silva, Sanchez Carlos"]
[WhiteElo "2171"]
[BlackElo "2407"]
[WhiteCountry "JPN"]
[BlackCountry "CHI"]
[Result "1/2-1/2"]

1. e4 c5 2. Nf3 d6 3. d4 cxd4 4. Nxd4 Nf6 5. Nc3 a6 6. Bc4 e6 7. Bb3 b5 
8. Bg5 h6 9. Bxf6 Qxf6 10. a3 Bb7 11. Qd2 Nc6 12. Nxc6 Bxc6 13. O-O Be7 
14. Rae1 O-O 15. f4 Rad8 16. f5 Qe5 17. fxe6 fxe6 18. Rf5 Bg5 19. Qf2 Rxf5 
20. exf5 Qc5 21. fxe6 Be7 22. Bd5 Rc8 23. Bxc6 Rxc6 24. Re2 Rc8 25. g3 Qh5 
26. Nd5 Qxd5 27. Qf7+ Kh7 28. Qxe7 Qd1+ 
1/2-1/2

[Event "34th Chess Olympiad (men)"]
[Site "Istanbul"]
[Date "2000.10.31"]
[Round "4.28.4"]
[White "Abarca, Manuel"]
[Black "Misaka, Susumu"]
[WhiteElo "2000"]
[BlackElo "2000"]
[WhiteCountry "CHI"]
[BlackCountry "JPN"]
[Result "1-0"]

1. d4 d5 2. c4 e6 3. Nc3 Nf6 4. cxd5 exd5 5. Bg5 Be7 6. Qc2 O-O 7. e3 c6 
8. Bd3 Nbd7 9. Nf3 Re8 10. O-O Nf8 11. Ne5 N6d7 12. Bxe7 Qxe7 13. Nxd7 Bxd7 
14. b4 a6 15. Na4 Bg4 16. Nc5 Bh5 17. a4 Bg6 18. Rab1 Ne6 19. Rfc1 Rec8 
20. Rb3 Bxd3 21. Qxd3 g6 22. Rbc3 Kg7 23. Qc2 Rc7 24. h3 Rac8 25. Nxe6+ Qxe6 
26. b5 axb5 27. axb5 h5 28. Rc5 Kh7 29. Qc3 Kg8 30. Qa5 Qe4 31. bxc6 bxc6 
32. Qb6 Qe6 33. Ra5 Qd7 34. Qc5 Qe7 35. Qxe7 Rxe7 36. Rxd5 Rcc7 37. Rdc5 Re6 
38. d5 
1-0

[Event "34th Chess Olympiad (men)"]
[Site "Istanbul"]
[Date "2000.10.31"]
[Round "4.29.3"]
[White "Sermek, Drazen"]
[Black "Sula, Zegir"]
[WhiteElo "2514"]
[BlackElo "2348"]
[WhiteCountry "SLO"]
[BlackCountry "ALB"]
[Result "1-0"]

1. e4 e6 2. d4 d5 3. Nd2 dxe4 4. Nxe4 Nf6 5. Nxf6+ Qxf6 6. Nf3 Qd8 7. Bd3 Be7 
8. Qe2 Nd7 9. Bf4 Nf6 10. O-O-O a6 11. Ne5 O-O 12. Kb1 Qe8 13. h4 b5 
14. Rh3 Bb7 15. Rg3 Kh8 16. Bg5 Rd8 17. Bxf6 Bxf6 18. Bxh7 Bxe5 19. Qh5 Bf4 
20. Rg5 
1-0

[Event "34th Chess Olympiad (men)"]
[Site "Istanbul"]
[Date "2000.10.31"]
[Round "4.29.4"]
[White "Mehmeti, Dritan"]
[Black "Mohr, Georg"]
[WhiteElo "2000"]
[BlackElo "2492"]
[WhiteCountry "ALB"]
[BlackCountry "SLO"]
[Result "0-1"]

1. d4 Nf6 2. Bg5 Ne4 3. Bh4 c5 4. f3 g5 5. fxe4 gxh4 6. e3 Qb6 7. b3 Bh6 
8. Qd3 Nc6 9. c3 e5 10. Nf3 cxd4 11. exd4 exd4 12. cxd4 Nb4 13. Qc3 d5 
14. Na3 O-O 15. Nc2 dxe4 16. Qxb4 Qc7 17. Qc5 Qf4 18. Qe5 exf3 19. Qxf4 Bxf4 
20. gxf3 Bf5 21. Nb4 Rfe8+ 22. Be2 Rad8 23. Rd1 Be3 24. Nd3 Rxd4 25. Nf2 Red8 
26. Rxd4 Rxd4 27. Ng4 Bf4 28. Kf2 Rd2 29. Rd1 Rxa2 30. Nf6+ Kf8 31. Rd5 Be6 
32. Rd4 Bc7 33. Nxh7+ Kg7 34. Rxh4 Bd8 
0-1

[Event "34th Chess Olympiad (men)"]
[Site "Istanbul"]
[Date "2000.10.31"]
[Round "4.30.1"]
[White "Johannessen, Leif Erlend"]
[Black "Mitkov, Nikola"]
[WhiteElo "2422"]
[BlackElo "2532"]
[WhiteCountry "NOR"]
[BlackCountry "FRM"]
[Result "0-1"]

1. c4 e6 2. Nc3 d5 3. d4 Bb4 4. a3 Bxc3+ 5. bxc3 Ne7 6. e3 c5 7. Bd3 Qc7 
8. cxd5 exd5 9. Ne2 O-O 10. O-O b6 11. f3 Ba6 12. Bxa6 Nxa6 13. Qd3 Nb8 
14. Ng3 Nbc6 15. e4 Na5 16. Bg5 f6 17. Be3 cxd4 18. Bxd4 Qc4 19. Qe3 Nb3 
20. Rad1 Rae8 21. Qf4 Ng6 22. Qg4 dxe4 23. fxe4 Qe6 24. Qh5 Rd8 25. Rfe1 Ne7 
26. Qb5 Rd7 27. Nh5 Rfd8 28. Rd3 Ng6 29. Qa4 Nc5 30. Bxc5 Rxd3 31. Qxa7 R3d7 
32. Qxb6 Qxb6 33. Bxb6 Ra8 34. Bc5 Ra5 35. Kf1 
0-1

[Event "34th Chess Olympiad (men)"]
[Site "Istanbul"]
[Date "2000.10.31"]
[Round "4.30.2"]
[White "Nedev, Trajce"]
[Black "Lie, Kjetil A"]
[WhiteElo "2487"]
[BlackElo "2284"]
[WhiteCountry "FRM"]
[BlackCountry "NOR"]
[Result "1-0"]

1. e4 c5 2. Nf3 d6 3. d4 cxd4 4. Nxd4 Nf6 5. Nc3 g6 6. Be3 Bg7 7. f3 O-O 
8. Qd2 Nc6 9. O-O-O Nxd4 10. Bxd4 Be6 11. Kb1 Qc7 12. h4 Rfc8 13. h5 Qa5 
14. hxg6 hxg6 15. a3 Rab8 16. Bd3 Bc4 17. Be3 Bxd3 18. cxd3 Nd7 19. Nd5 Qxd2 
20. Rxd2 Kf8 21. Bxa7 Ra8 22. Be3 e6 23. Nc3 Ra5 24. Bh6 Bxh6 25. Rxh6 Ke7 
26. Rh1 Nc5 27. Rc2 Raa8 28. d4 Nb3 29. Nb5 Rc6 30. Rxc6 bxc6 31. Ka2 Na5 
32. Nc3 Nc4 33. d5 cxd5 34. exd5 e5 35. a4 Rc8 36. Re1 Nb6 37. Re3 Ra8 
38. Re4 f5 39. Rb4 Nd7 40. Rh4 Nb6 41. b3 Kf6 42. Rh7 e4 43. fxe4 fxe4 
44. Rb7 Ra6 45. Nxe4+ Ke5 46. Nc3 Kd4 47. Rc7 Ra8 48. Rc6 Nxd5 49. Rc4+ Ke5 
50. Re4+ 
1-0

[Event "34th Chess Olympiad (men)"]
[Site "Istanbul"]
[Date "2000.10.31"]
[Round "4.30.3"]
[White "Trygstad, Kristian"]
[Black "Jacimovic, Dragoljub"]
[WhiteElo "2248"]
[BlackElo "2465"]
[WhiteCountry "NOR"]
[BlackCountry "FRM"]
[Result "0-1"]

1. e4 e6 2. d4 d5 3. Nc3 Nf6 4. e5 Nfd7 5. Nf3 c5 6. dxc5 Nc6 7. Bf4 Bxc5 
8. Bd3 h6 9. h4 a6 10. Qe2 Qb6 11. Rb1 Qc7 12. O-O g5 13. hxg5 hxg5 
14. Nxg5 Ndxe5 15. Rbe1 f6 16. Bg6+ Kf8 17. Nf7 Nd4 18. Qxe5 fxe5 19. Bxe5 Qxf7 
20. Bxf7 Rh6 21. b4 Ba7 22. Nxd5 Kxf7 23. Nc7 Rb8 24. Re4 Nc6 25. Rf4+ Kg6 
26. Rf6+ Kg5 27. Rxh6 Kxh6 28. Bd6 Bd7 29. Rd1 Rd8 30. Nxa6 bxa6 31. Bc7 Rf8 
32. Rxd7 Rxf2 33. Kh2 Rxc2 34. a4 Bd4 35. b5 axb5 36. axb5 Ne5 37. Bxe5 Bxe5+ 
38. Kh3 Kg5 39. Rd3 Rb2 40. g3 Rxb5 41. Ra3 Rc5 
0-1

[Event "34th Chess Olympiad (men)"]
[Site "Istanbul"]
[Date "2000.10.31"]
[Round "4.30.4"]
[White "Mitkov, Marjan"]
[Black "Gabrielsen, Stig"]
[WhiteElo "2402"]
[BlackElo "2305"]
[WhiteCountry "FRM"]
[BlackCountry "NOR"]
[Result "0-1"]

1. d4 Nf6 2. c4 g6 3. Nc3 d5 4. Nf3 Bg7 5. e3 O-O 6. Qb3 e6 7. Bd2 b6 
8. Be2 Bb7 9. cxd5 exd5 10. O-O Nbd7 11. Rfd1 c6 12. a4 a5 13. Qc2 Re8 
14. Rab1 Bf8 15. Ng5 h6 16. Nh3 Rc8 17. Nf4 Nb8 18. Qb3 Na6 19. Na2 Bd6 
20. Bf3 Re7 21. g3 Nb8 22. Bc3 Ba6 23. Nc1 Nbd7 24. Qc2 Ne4 25. Be2 Bxe2 
26. Ncxe2 Qe8 27. Be1 g5 28. Nd3 c5 29. dxc5 bxc5 30. Bxa5 h5 31. Nc3 Ndf6 
32. Nxe4 Rxe4 33. b3 Qe6 34. Re1 h4 35. Kg2 Ng4 36. Bd2 Qf5 37. Qd1 Rce8 
38. h3 hxg3 39. hxg4 Rxg4 40. f3 Rh4 41. Rh1 Qxd3 42. Rh2 Rh3 43. Rxh3 Qh7 
0-1

[Event "34th Chess Olympiad (men)"]
[Site "Istanbul"]
[Date "2000.10.31"]
[Round "4.31.1"]
[White "El Taher, Fouad"]
[Black "Rohl, Juan"]
[WhiteElo "2485"]
[BlackElo "2350"]
[WhiteCountry "EGY"]
[BlackCountry "VEN"]
[Result "0-1"]

1. e4 c5 2. Nf3 d6 3. d4 cxd4 4. Nxd4 Nf6 5. f3 e5 6. Bb5+ Nbd7 7. Nf5 d5 
8. exd5 a6 9. Bd3 Nxd5 10. O-O Nc5 11. Re1 Nxd3 12. Qxd3 Bc5+ 13. Kf1 Bxf5 
14. Qxf5 O-O 15. g3 Re8 16. Bd2 Ba7 17. Nc3 Qb6 18. Ne4 g6 19. Qg5 f5 
20. Kg2 fxe4 21. fxe4 Nf6 22. Re2 Qc6 23. Rae1 Rad8 24. c3 Rd6 25. Bc1 Qc4 
26. a3 Qe6 27. h3 Qc4 28. Qh4 Nh5 29. Bh6 Rf6 30. Rd2 Qf7 31. Ree2 Rf1 
32. Qg4 Rg1+ 33. Kh2 Ra1 
0-1

[Event "34th Chess Olympiad (men)"]
[Site "Istanbul"]
[Date "2000.10.31"]
[Round "4.31.2"]
[White "Alvarez, Johan"]
[Black "Labib, Ibrahim Hasan"]
[WhiteElo "2317"]
[BlackElo "2426"]
[WhiteCountry "VEN"]
[BlackCountry "EGY"]
[Result "0-1"]

1. d4 Nf6 2. c4 e6 3. Nc3 Bb4 4. e3 b6 5. Bd3 Bb7 6. Nf3 O-O 7. O-O d5 
8. cxd5 exd5 9. Ne2 Nbd7 10. b3 Qe7 11. Bb2 Bd6 12. Rc1 Ne4 13. Rc2 c6 
14. Ng3 f5 15. Qe2 Rae8 16. Re1 Qf6 17. Qf1 Qh6 18. a3 Bxg3 19. hxg3 Ndf6 
20. Nh2 Ng4 21. Nxg4 fxg4 22. Bxe4 Rxe4 23. Qd3 Qh5 24. b4 Re6 25. b5 Rh6 
26. Kf1 Qh1+ 27. Ke2 Qxg2 28. Rf1 cxb5 29. Qxb5 Rhf6 30. Ke1 Qe4 31. Rc7 Qb1+ 
32. Rc1 Qa2 33. Ra1 Ba6 
0-1